Largest Cities with 4 or less letters - Statistics

General Stats
  • This quiz has been taken 99 times
    65 since last reset
  • The average score is 14 of 24
Answer Stats
Population # Country City % Correct
10,100,000 4 Peru Lima
100%
3,575,000 4 Italy Rome
97%
1,190,000 4 Norway Oslo
95%
3,475,000 4 Ukraine Kiev
93%
1,980,000 4 France Lyon
93%
2,425,000 4 Qatar Doha
89%
2,575,000 4 Azerbaijan Baku
85%
6,950,000 4 China Xi'an
74%
1,270,000 3 Morocco Fez
70%
2,100,000 4 Togo Lomé
69%
2,875,000 4 Colombia Cali
66%
6,900,000 4 India Pune
66%
1,480,000 4 Algeria Oran
59%
4,700,000 4 Nigeria Kano
57%
2,725,000 4 Philippines Cebu
56%
2,300,000 4 India Agra
51%
1,290,000 3 Iran Qom
41%
1,940,000 4 Mexico León
26%
3,525,000 4 China Zibo
20%
2,000,000 4 China Cixi
16%
1,150,000 3 Nigeria Aba
13%
1,480,000 4 China Wuhu
11%
1,370,000 4 India Kota
3%
1,660,000 4 China Yiwu
3%
No matching quizzes found
Score Distribution
Percent of People with Each Score
Percentile by Number Answered
Your Score History
You have not taken this quiz since the last reset